000 00400 a2200109 4500
001 ART_23147
005 20260410161929.0
008 260409a
245 1 0 _aLa situación espiritual del hombre contemporáneo
100 1 _aLetizia, Francisco
773 0 _tRevista de la Facultad de Ciencias Económicas de la Universidad de Cuyo
_g- Año XXXIII, Nº 84 (jul./dic. 1981)
_wREV22981
999 _c28417
_d28417